| 000 | 00671nam a22002177a 4500 | ||
|---|---|---|---|
| 003 | LK-CoMWRAF | ||
| 005 | 20231207103302.0 | ||
| 008 | 231207b2011 |||||||| |||| 00| 0 eng d | ||
| 020 | _a9789555320207 | ||
| 040 |
_aLK-CoMWRAF _dLK-CoMWRAF _eLK-CoMWRAF |
||
| 041 | _aeng | ||
| 082 |
_a303.6 _bPOW |
||
| 245 |
_aPower sharing : _bthe international experience |
||
| 260 |
_aRajagiriya: _bInstitute for Constitutional Studies, _c2011 |
||
| 300 |
_avi, 254 p. ; 22 cm. _bBibliography included |
||
| 650 | _aNATION-BUILDING | ||
| 650 | _a Decentralization in government | ||
| 700 |
_aAmarasinghe, Ranjith _eed. |
||
| 700 |
_aWickramaratne, Jayampathy _eed. |
||
| 942 | _cBK | ||
| 999 |
_c4299 _d4299 |
||